01011nam a2200241 a 4500999001500000001000500015003000900020005001700029008004100046020001500087040003300102082002100135245011400156260006800270300003900338504004900377650008000426650008100506700002400587700002700611942001200638952011900650 c1950d19503401BD-DhUAP20200218120618.0200218s1999 bg a b 000 0 eng  a9844940095 aDLCcDLCdDLCdBD-DhUAPbEng00223a363.7288 LEA00aLeather industry :benvironmental pollution and mitigation measures /cediting Philip Gain and Shishir Moral. aDhaka :bSociety for Environment and Human Development,cc1999. a68 pages :billustration ;c22 cm. aIncludes bibliographical references (p. 68). 0aTanneriesxWaste disposalxEnvironmental aspectszBangladeshzDhaka.911299 0aLeather industry and tradexEnvironmental aspectszBangladeshzDhaka.9113001 aGain, Philip.980131 aMoral, Shishir.911301 2ddccBK 00102ddc4070aUAPCLbUAPCLcGeneral Stacksd2020-02-18o363.7288 LEAp3010003401r2020-02-18t1w2020-02-18yBK